000 00617nam a22002177a 4500
003 koha_MIRAKIL
005 20260414093114.0
008 260414b |||||||| |||| 00| 0 ||| d
020 _a9786050918267
040 _aTR-IsEVY
_btur
_cTR-IsEVY
041 _atur
082 _aFIC BAN/S
100 _aBanks, Rosie
245 0 _aSihirli Krallık :
_bejderha yuvası/
_cRosie Banks
250 _a12. bs.
260 _aİstanbul:
_bDoğan Egmont,
_c2024.
300 _a105 s. :
_bresimli ;
_c20 cm.
490 0 _aSihirli Krallık ; 9.
650 _aEdebiyat.
_vÇocuk Edebiyatı.
_vÇocuk Romanı.
942 _2ddc
_cBK
999 _c23451
_d23451